Karty Clash Royale bez samogłosek #2 - Statystyki

Ogólne statystyki
  • Ten quiz został rozwiązany 15 razy
  • Średni wynik to 9 z 11
Statystyki odpowiedzi
Hint Odpowiedź % Poprawnych
DRK PRNC Dark Prince
100%
FR SPRT Fire Spirit
100%
KNGHT Knight
100%
SKLTN DRGNS Skeleton Dragons
100%
GBLN GNG Goblin Gang
93%
X-BW X-bow
93%
ZP Zap
93%
RM RDR Ram Rider
73%
RL RCRTS Royal Recruits
67%
RCHRS Archers
60%
FRNNC Furnance
40%
Nie znaleziono quizów pasujących do podanych kryteriów
Rozkład punktacji
Procent ludzi z każdym wynikiem
Percentyl według liczby udzielonych odpowiedzi
Twoja historia wyników
Nie rozwiązałeś tego quizu